000 00460nam a2200157 4500
001 109770
003 ES-MaACL
007 t|
008 061121s1947 ag r ||||1| spa d
100 1 _aO'Neill, Eugene.
_986353
245 1 0 _aNueve dramas /
_cEugene O'Neill ; traducción de León Mirlas.
260 _aBuenos Aires :
_bEdit. Sudamericana,
_c1947.
300 _a2 v. ;
_c19 cm.
700 1 _aMirlas, León.
_981594
852 _aES-MaACL
_jE-265-66
_bR.26391
999 _c109770
_d109770